Comuni del Veneto in Ordine Alfabetico - Statistics

Statistiche generali
  • Questo quiz è stato fatto 84 volte
  • Il punteggio medio è 106 su 563
Statistiche sulle risposte
Provincia Comune % Corretto
PD Abano Terme
100%
RO Adria
57%
VR Affi
43%
PD Agna
43%
BL Agordo
43%
VI Agugliaro
43%
BL Alano di Piave
43%
VR Albaredo d'Adige
43%
VI Albettone
43%
BL Alleghe
43%
BL Alpago
43%
RO Ariano nel Polesine
43%
BL Arsiè
43%
VI Arsiero
43%
PD Arzergrande
43%
VI Arzignano
43%
RO Badia Polesine
43%
PD Baone
43%
BL Belluno
43%
RO Bergantino
43%
VE Venezia
43%
VR Verona
43%
PD Albignasego
36%
VI Alonte
36%
PD Anguillara Veneta
36%
VI Arcugnano
36%
PD Arquà Petrarca
36%
PD Arre
36%
VI Asiago
36%
TV Asolo
36%
VR Badia Calavena
36%
RO Bagnolo di Po
36%
VI Bassano del Grappa
36%
PD Battaglia Terme
36%
VR Bevilacqua
36%
TV Borso del Grappa
36%
VI Breganze
36%
VR Buttapietra
36%
VE Camponogara
36%
VE Caorle
36%
TV Treviso
36%
VI Valli del Pasubio
36%
VR Veronella
36%
VI Vicenza
36%
VR Vigasio
36%
PD Vighizzolo d'Este
36%
PD Vigodarzere
36%
PD Vo'
36%
VI Zovencedo
36%
VI Zugliano
36%
VI Altavilla Vicentina
29%
VI Altissimo
29%
TV Altivole
29%
VE Annone Veneto
29%
VR Arcole
29%
RO Arquà Polesine
29%
VI Asigliano Veneto
29%
VI Barbarano Mossano
29%
PD Barbona
29%
BL Borgo Valbelluna
29%
PD Borgo Veneto
29%
RO Bosaro
29%
VR Bovolone
29%
TV Breda di Piave
29%
VR Brenzone sul Garda
29%
VI Bressanvido
29%
BL Calalzo di Cadore
29%
VI Caldogno
29%
VI Caltrano
29%
VE Campagna Lupia
29%
PD Campodarsego
29%
PD Campodoro
29%
VE Campolongo Maggiore
29%
PD Campo San Martino
29%
VI Castelgomberto
29%
RO Castelguglielmo
29%
RO Castelmassa
29%
VE Cavallino-Treporti
29%
VE Ceggia
29%
VE Cona
29%
VR Concamarise
29%
PD Correzzola
29%
VE Dolo
29%
VI Torrebelvicino
29%
VE Torre di Mosto
29%
PD Torreglia
29%
TV Trevignano
29%
PD Tribano
29%
VI Trissino
29%
PD Urbana
29%
VI Valdagno
29%
TV Valdobbiadene
29%
BL Vallada Agordina
29%
BL Valle di Cadore
29%
VR Velo Veronese
29%
VE Vigonovo
29%
PD Vigonza
29%
VR Villa Bartolomea
29%
PD Villa Estense
29%
VR Villafranca di Verona
29%
PD Villafranca Padovana
29%
RO Villanova del Ghebbo
29%
RO Villanova Marchesana
29%
VI Villaverla
29%
TV Villorba
29%
VI Zermeghedo
29%
TV Zero Branco
29%
VR Zevio
29%
BL Zoppè di Cadore
29%
VR Angiari
21%
TV Arcade
21%
BL Auronzo di Cadore
21%
PD Bagnoli di Sopra
21%
VR Bardolino
21%
VR Belfiore
21%
PD Boara Pisani
21%
VR Bonavigo
21%
BL Borca di Cadore
21%
PD Bovolenta
21%
VI Brendola
21%
VR Brentino Belluno
21%
VI Brogliano
21%
PD Brugine
21%
TV Caerano di San Marco
21%
VR Caldiero
21%
RO Calto
21%
VI Calvene
21%
PD Camposampiero
21%
BL Canale d'Agordo
21%
PD Carceri
21%
VI Carrè
21%
PD Casale di Scodosia
21%
VR Castagnaro
21%
VI Castegnero
21%
TV Castelcucco
21%
VR Castel d'Azzano
21%
RO Castelnovo Bariano
21%
VR Cavaion Veronese
21%
VE Cavarzere
21%
TV Cavaso del Tomba
21%
RO Ceneselli
21%
VR Cerea
21%
VR Cerro Veronese
21%
TV Cessalto
21%
VI Chiampo
21%
VI Chiuppano
21%
TV Cison di Valmarino
21%
PD Codevigo
21%
VI Cogollo del Cengio
21%
VI Colceresa
21%
BL Colle Santa Lucia
21%
TV Colle Umberto
21%
VI Cornedo Vicentino
21%
TV Cornuda
21%
RO Costa di Rovigo
21%
RO Crespino
21%
TV Crocetta del Montello
21%
PD Curtarolo
21%
BL Danta di Cadore
21%
BL Domegge di Cadore
21%
PD Due Carrare
21%
VI Fara Vicentino
21%
VE Fiesso d'Artico
21%
RO Fiesso Umbertiano
21%
TV Fontanelle
21%
BL Fonzaso
21%
VE Fossalta di Piave
21%
VE Fossalta di Portogruaro
21%
VE Fossò
21%
VI Foza
21%
VR Fumane
21%
TV Gaiarine
21%
RO Gaiba
21%
VI Gallio
21%
PD Galzignano Terme
21%
TV Giavera del Montello
21%
VR Illasi
21%
VR Isola della Scala
21%
VR Isola Rizza
21%
VI Isola Vicentina
21%
TV Istrana
21%
BL Lamon
21%
VI Lastebasse
21%
RO Lendinara
21%
BL Limana
21%
PD Limena
21%
VI Longare
21%
RO Lusia
21%
VI Lusiana Conco
21%
VI Marano Vicentino
21%
PD Megliadino San Vitale
21%
RO Melara
21%
VE Meolo
21%
PD Merlara
21%
TV Monfumo
21%
PD Monselice
21%
VI Montebello Vicentino
21%
VR Montecchia di Crosara
21%
VI Montecchio Maggiore
21%
VI Montecchio Precalcino
21%
VI Monte di Malo
21%
VR Monteforte d'Alpone
21%
VI Monticello Conte Otto
21%
VI Montorso Vicentino
21%
TV Morgano
21%
VR Mozzecane
21%
VR Nogarole Rocca
21%
VI Nove
21%
VE Noventa di Piave
21%
PD Noventa Padovana
21%
VI Noventa Vicentina
21%
TV Oderzo
21%
TV Ormelle
21%
TV Orsago
21%
PD Padova
21%
RO Papozze
21%
PD Pernumia
21%
PD Ponso
21%
RO Pontecchio Polesine
21%
BL Ponte nelle Alpi
21%
PD Ponte San Nicolò
21%
TV Silea
21%
PD Solesino
21%
RO Stienta
21%
TV Susegana
21%
RO Taglio di Po
21%
VE Teglio Veneto
21%
PD Teolo
21%
PD Tombolo
21%
VI Torri di Quartesolo
21%
PD Trebaseleghe
21%
RO Trecenta
21%
VR Tregnago
21%
VR Trevenzuolo
21%
VI Valdastico
21%
BL Val di Zoldo
21%
VI Val Liona
21%
TV Vazzola
21%
TV Vedelago
21%
PD Veggiano
21%
VI Velo d'Astico
21%
PD Vescovana
21%
VR Vestenanova
21%
TV Vidor
21%
BL Vigo di Cadore
21%
PD Villa del Conte
21%
VI Villaga
21%
RO Villamarzana
21%
PD Villanova di Camposampiero
21%
TV Vittorio Veneto
21%
BL Vodo di Cadore
21%
TV Volpago del Montello
21%
BL Voltago Agordino
21%
VI Zanè
21%
TV Zenson di Piave
21%
VR Zimella
21%
VI Bolzano Vicentino
14%
PD Borgoricco
14%
VR Boschi Sant'Anna
14%
VR Bosco Chiesanuova
14%
VR Bussolengo
14%
PD Cadoneghe
14%
VI Camisano Vicentino
14%
VI Campiglia dei Berici
14%
RO Canda
14%
PD Candiana
14%
TV Cappella Maggiore
14%
VR Caprino Veronese
14%
TV Carbonera
14%
PD Carmignano di Brenta
14%
VI Cartigliano
14%
PD Cartura
14%
VR Casaleone
14%
TV Casale sul Sile
14%
TV Casier
14%
VI Cassola
14%
TV Castelfranco Veneto
14%
VR Castelnuovo del Garda
14%
BL Cencenighe Agordino
14%
RO Ceregnano
14%
PD Cervarese Santa Croce
14%
BL Cesiomaggiore
14%
TV Chiarano
14%
BL Chies d'Alpago
14%
VE Chioggia
14%
BL Cibiana di Cadore
14%
TV Cimadolmo
14%
VE Cinto Caomaggiore
14%
PD Cinto Euganeo
14%
PD Cittadella
14%
TV Codognè
14%
VR Cologna Veneta
14%
VR Colognola ai Colli
14%
VE Concordia Sagittaria
14%
TV Conegliano
14%
PD Conselve
14%
TV Cordignano
14%
BL Cortina d'Ampezzo
14%
VI Costabissara
14%
VR Costermano sul Garda
14%
VI Creazzo
14%
VI Crespadoro
14%
VR Dolcè
14%
VI Dueville
14%
VI Enego
14%
VE Eraclea
14%
VR Erbè
14%
VR Erbezzo
14%
PD Este
14%
BL Falcade
14%
TV Farra di Soligo
14%
VR Ferrara di Monte Baldo
14%
RO Ficarolo
14%
TV Follina
14%
PD Fontaniva
14%
TV Fonte
14%
TV Fregona
14%
PD Galliera Veneta
14%
VI Gambellara
14%
VI Gambugliano
14%
RO Gavello
14%
RO Giacciano con Baruchella
14%
TV Godega di Sant'Urbano
14%
TV Gorgo al Monticano
14%
BL Gosaldo
14%
PD Grantorto
14%
PD Granze
14%
VI Grisignano di Zocco
14%
VE Gruaro
14%
VI Grumolo delle Abbadesse
14%
RO Guarda Veneta
14%
VE Jesolo
14%
VI Laghi
14%
VR Lavagno
14%
BL La Valle Agordina
14%
VR Lazise
14%
VR Legnago
14%
PD Legnaro
14%
BL Livinallongo del Col di Lana
14%
BL Longarone
14%
VI Lonigo
14%
PD Loreggia
14%
BL Lorenzago di Cadore
14%
RO Loreo
14%
TV Loria
14%
PD Lozzo Atestino
14%
BL Lozzo di Cadore
14%
VR Malcesine
14%
VI Malo
14%
VR Marano di Valpolicella
14%
VE Marcon
14%
TV Mareno di Piave
14%
VI Marostica
14%
VE Martellago
14%
TV Maser
14%
TV Maserada sul Piave
14%
PD Maserà di Padova
14%
PD Masi
14%
PD Massanzago
14%
PD Mestrino
14%
VR Mezzane di Sotto
14%
TV Miane
14%
VE Mira
14%
VE Mirano
14%
TV Monastier di Treviso
14%
PD Montagnana
14%
TV Montebelluna
14%
PD Montegrotto Terme
14%
VI Monteviale
14%
TV Moriago della Battaglia
14%
VI Mussolente
14%
VI Nanto
14%
VR Negrar di Valpolicella
14%
VE Noale
14%
VR Nogara
14%
VI Nogarole Vicentino
14%
VR Oppeano
14%
VI Orgiano
14%
PD Ospedaletto Euganeo
14%
BL Ospitale di Cadore
14%
VR Palù
14%
BL Pedavena
14%
VI Pedemonte
14%
TV Pederobba
14%
BL Perarolo di Cadore
14%
VR Pescantina
14%
VR Peschiera del Garda
14%
RO Pettorazza Grimani
14%
PD Piacenza d'Adige
14%
VI Pianezze
14%
VE Pianiga
14%
TV Pieve del Grappa
14%
BL Pieve di Cadore
14%
RO Pincara
14%
PD Piove di Sacco
14%
RO Polesella
14%
TV Ponte di Piave
14%
PD Pontelongo
14%
TV Ponzano Veneto
14%
TV Portobuffolè
14%
VE Portogruaro
14%
RO Porto Tolle
14%
RO Porto Viro
14%
TV Possagno
14%
VI Pove del Grappa
14%
TV Povegliano
14%
VR Povegliano Veronese
14%
VI Pozzoleone
14%
PD Pozzonovo
14%
VE Pramaggiore
14%
TV Preganziol
14%
TV Quinto di Treviso
14%
VI Quinto Vicentino
14%
VI Recoaro Terme
14%
TV Revine Lago
14%
VI Roana
14%
VI Rossano Veneto
14%
VI Rotzo
14%
RO Rovigo
14%
PD Rovolon
14%
RO Salara
14%
VR Salizzole
14%
BL San Gregorio nelle Alpi
14%
VR San Martino Buon Albergo
14%
RO San Martino di Venezze
14%
TV San Pietro di Feletto
14%
VR San Pietro di Morubio
14%
VR San Pietro in Cariano
14%
TV San Polo di Piave
14%
BL Santa Giustina
14%
PD Santa Giustina in Colle
14%
TV Santa Lucia di Piave
14%
VE Santa Maria di Sala
14%
PD Sant'Elena
14%
VI Santorso
14%
PD Sant'Urbano
14%
BL San Vito di Cadore
14%
VI San Vito di Leguzzano
14%
VR San Zeno di Montagna
14%
VI Sarcedo
14%
VI Sarego
14%
VI Schiavon
14%
VE Scorzè
14%
TV Segusino
14%
BL Selva di Cadore
14%
VR Selva di Progno
14%
PD Selvazzano Dentro
14%
BL Seren del Grappa
14%
VR Soave
14%
VI Solagna
14%
VR Sommacampagna
14%
VR Sona
14%
BL Sospirolo
14%
VI Sossano
14%
BL Soverzene
14%
VI Sovizzo
14%
BL Sovramonte
14%
VE Spinea
14%
TV Spresiano
14%
VE Stra
14%
BL Taibon Agordino
14%
BL Tambre
14%
TV Tarzo
14%
VI Tezze sul Brenta
14%
VI Thiene
14%
VI Tonezza del Cimone
14%
VR Torri del Benaco
14%
VR Valeggio sul Mincio
14%
RO Villadose
14%
RO Canaro
7%
PD Casalserugo
7%
PD Castelbaldo
7%
TV Castello di Godego
7%
VR Cazzano di Tramigna
7%
BL Comelico Superiore
7%
RO Corbola
7%
BL Feltre
7%
RO Frassinelle Polesine
7%
RO Fratta Polesine
7%
VR Garda
7%
PD Gazzo
7%
VR Gazzo Veronese
7%
VR Grezzana
7%
VI Lugo di Vicenza
7%
TV Mansuè
7%
TV Meduna di Livenza
7%
VR Minerbe
7%
TV Mogliano Veneto
7%
VI Montegalda
7%
VI Montegaldella
7%
TV Motta di Livenza
7%
VE Musile di Piave
7%
TV Nervesa della Battaglia
7%
RO Occhiobello
7%
TV Paese
7%
VR Pastrengo
7%
PD Piazzola sul Brenta
7%
TV Pieve di Soligo
7%
PD Piombino Dese
7%
VI Piovene Rocchette
7%
VI Pojana Maggiore
7%
PD Polverara
7%
VI Posina
7%
VR Pressana
7%
VE Quarto d'Altino
7%
BL Quero Vas
7%
TV Refrontolo
7%
TV Resana
7%
TV Riese Pio X
7%
BL Rivamonte Agordino
7%
VR Rivoli Veronese
7%
BL Rocca Pietore
7%
VI Romano d'Ezzelino
7%
VR Roncà
7%
TV Roncade
7%
VR Ronco all'Adige
7%
VI Rosà
7%
RO Rosolina
7%
VR Roverchiara
7%
VR Roveredo di Guà
7%
VR Roverè Veronese
7%
PD Rubano
7%
PD Saccolongo
7%
VI Salcedo
7%
TV Salgareda
7%
VE Salzano
7%
RO San Bellino
7%
TV San Biagio di Callalta
7%
VR San Bonifacio
7%
VE San Donà di Piave
7%
VI Sandrigo
7%
TV San Fior
7%
PD San Giorgio delle Pertiche
7%
PD San Giorgio in Bosco
7%
VR San Giovanni Ilarione
7%
VR San Giovanni Lupatoto
7%
VR Sanguinetto
7%
PD San Martino di Lupari
7%
VR San Mauro di Saline
7%
VE San Michele al Tagliamento
7%
BL San Nicolò di Comelico
7%
BL San Pietro di Cadore
7%
PD San Pietro in Gu
7%
VI San Pietro Mussolino
7%
PD San Pietro Viminario
7%
VE San Stino di Livenza
7%
VR Sant'Ambrogio di Valpolicella
7%
PD Sant'Angelo di Piove di Sacco
7%
VR Sant'Anna d'Alfaedo
7%
BL San Tomaso Agordino
7%
BL Santo Stefano di Cadore
7%
TV San Vendemiano
7%
TV San Zenone degli Ezzelini
7%
PD Saonara
7%
TV Sarmede
7%
VI Schio
7%
BL Sedico
7%
TV Sernaglia della Battaglia
7%
VR Sorgà
7%
PD Stanghella
7%
PD Terrassa Padovana
7%
VR Terrazzo
7%
VI Valbrenta
7%
Nessun quiz corrispondente trovato
Distribuzione punteggi
Percentuale di utenti per punteggio
Percentile per numero di risposta
I tuoi punteggi nel tempo
Non hai fatto questo quiz